Теоретическая грамматика английского языка. Сравнительная типология английского и русского языков (Запис № 314434)

МАРК-запис
000 -LEADER
fixed length control field 00854nam a22002657a 4500
001 - CONTROL NUMBER
control field 28078
003 - CONTROL NUMBER IDENTIFIER
control field UA-OsUOA
005 - DATE AND TIME OF LATEST TRANSACTION
control field 20201224200703.0
007 - PHYSICAL DESCRIPTION FIXED FIELD--GENERAL INFORMATION
fixed length control field ta
008 - FIXED-LENGTH DATA ELEMENTS--GENERAL INFORMATION
fixed length control field 20040923b un ||||| |||| 00| 0 ukr d
020 ## - INTERNATIONAL STANDARD BOOK NUMBER
International Standard Book Number 5-02-002934-3
040 ## - CATALOGING SOURCE
Original cataloging agency UA-OsUOA
Language of cataloging rus
Transcribing agency UA-OsUOA
Modifying agency UA-OsUOA
041 ## - LANGUAGE CODE
Language code of text/sound track or separate title rus
044 ## - COUNTRY OF PUBLISHING/PRODUCING ENTITY CODE
MARC country code RU
080 ## - UNIVERSAL DECIMAL CLASSIFICATION NUMBER
Universal Decimal Classification number 81'36.111
090 ## - LOCALLY ASSIGNED LC-TYPE CALL NUMBER (OCLC); LOCAL CALL NUMBER (OCLC)
Classification number (OCLC) (R) ; Classification number, CALL (RLIN) (NR) 81'36.111
Local cutter number (OCLC) ; Book number/undivided call number, CALL (RLIN) Г95
100 ## - MAIN ENTRY--PERSONAL NAME
Personal name Гуревич В. В.
245 ## - TITLE STATEMENT
Title Теоретическая грамматика английского языка. Сравнительная типология английского и русского языков
Remainder of title учебное пособие
260 ## - PUBLICATION, DISTRIBUTION, ETC. (IMPRINT)
Place of publication, distribution, etc Москва
Name of publisher, distributor, etc Наука
Date of publication, distribution, etc 2003
300 ## - PHYSICAL DESCRIPTION
Extent 168 с.
650 #7 - SUBJECT ADDED ENTRY--TOPICAL TERM
Source of heading or term UDC
942 ## - ADDED ENTRY ELEMENTS (KOHA)
Koha item type Книги
Source of classification or shelving scheme Universal Decimal Classification
955 ## - COPY-LEVEL INFORMATION (RLIN)
Classification number, CCAL (RLIN) інше
Фонди
Withdrawn status Lost status Source of classification or shelving scheme Damaged status Not for loan Home library Current library Date acquired Cost, normal purchase price Inventory number Total Checkouts Full call number Barcode Date last seen Price effective from Koha item type
    Universal Decimal Classification     ЧЗ - Читальна зала ЧЗ - Читальна зала 23/09/2004 12.32 75789   81'36.111 Г95 75789 07/02/2022 23/09/2004 Книги
    Universal Decimal Classification     ЧЗ - Читальна зала ЧЗ - Читальна зала 23/09/2004 12.32 75786   81'36.111 Г95 75786 07/02/2022 23/09/2004 Книги
    Universal Decimal Classification     ЧЗ - Читальна зала ЧЗ - Читальна зала 23/09/2004 12.32 75788   81'36.111 Г95 75788 07/02/2022 23/09/2004 Книги
    Universal Decimal Classification     ЧЗ - Читальна зала ЧЗ - Читальна зала 23/09/2004 12.32 75790   81'36.111 Г95 75790 07/02/2022 23/09/2004 Книги
    Universal Decimal Classification     ЧЗ - Читальна зала ЧЗ - Читальна зала 27/09/2004 12.32 75785   81'36.111 Г95 75785 07/02/2022 27/09/2004 Книги
    Universal Decimal Classification     ЧЗ - Читальна зала ЧЗ - Читальна зала 27/09/2004 12.32 75787   81'36.111 Г95 75787 07/02/2022 27/09/2004 Книги